| 000 | 00854pam a2200241 a 4500 | ||
|---|---|---|---|
| 001 | BD-DhSAU 5837 | ||
| 003 | BD-DhSAU | ||
| 005 | 20150425112344.0 | ||
| 008 | 890817s1990 enka b 001 0 eng | ||
| 020 | _a0521373883 | ||
| 040 | _aBD-DhSAU | ||
| 082 | 0 | 0 |
_a581.5072 _222 _bPAM |
| 100 | 1 | _aPakes, Anthony G. | |
| 245 | 1 | 0 |
_aMathematical ecology of plant species competition : _ba class of deterministic models for binary mixtures of plant genotypes / _cAnthony G. Pakes and Ross A. Maller. |
| 260 |
_aNew York : _bCambridge University Press , _c1990. |
||
| 300 |
_axiii, 193 p. : _bill. ; _c24 cm. |
||
| 440 | 0 | _aCambridge studies in mathematical biology ; | |
| 504 | _aIncludes bibliographical references and indexes. | ||
| 590 | _aTamanna | ||
| 650 | 0 |
_aPlant competition _xMathematical models. |
|
| 650 | 0 | _abotany | |
| 700 | 1 | _aMaller, Ross A. | |
| 942 |
_2ddc _cBOOK |
||
| 999 |
_c5837 _d5837 |
||